1743 1161 1012 1547 1013 1539 1182 1340 1201 1046 1570 1615 1591 1358 1993 1866 1005 1316 1089 1080 1092 1849 1304 1504 1887 1518 1155 1761 1709 1521 1029 1437 1414 1054 1617 1606 1755 1984 1642 1563 1038 1987 1213 1941 1866 1625 1849 1932 1816 1765 1120 1142 1825 1933 1613 1996 1577 1846 1729 1714 1247 1491 1400 1357 1407 1650 1493 1402 1918 1785 1831 1181 1763 1199 1812 1087 1251 1154 2000 1869 1633 1936 1310 1444 1672 1759 1008 1912 1967 1263 1023 1838 1928 1927 1503 1335 1313 1262 1608 BCNSPRNW ULIB Ver.6.0+V

เปลี่ยนเป็นภาษาไทย

Change to English
 แสดงรายละเอียดบรรณานุกรม
  กลับหน้าหลัก

Brief Record : Get Marc (ISO 2709) : E-mail record : QR code < ปิดหน้าต่าง
LEADER : 00000nam 2200000uu 4500
001    13399114939
003     ULIB
008    120622s2552||||th 000 0 tha d
020    ^a9786117046421
060  4 ^aQS4^bR111ล
100 0  ^aRichard Walker
245 10 ^aโลกพิศวง ของ ร่างกายมนุษย์ /^cโดย Richard Walker , แปล ; ปรียารัตน์ มาอินทร์
250    ^aพิมพ์ครั้งที่ 1
260    ^aกรุงเทพฯ :^bเนชั่น เอ็กมอนท์,^c2552
300    ^a64 หน้า :^bภาพประกอบสี
650  7 ^aความรู้ทั่วไป
650  7 ^aร่างกายมนุษย์
700 0  ^aปรียารัตน์ มาอินทร์,^eแปล
700 0  ^aกฤติกา ชินพันธ์,^eบรรณาธิการ
945    ^p395^l0^i16261
945    ^p395^l0^i16260
995    ^aกัณชพร
999    ^aใช้งานได้ทุกระบบ
รายการนี้ยังไม่มีแท็ก
คุณยังไม่ได้ล็อกอิน คุณสามารถมีกิจกรรมร่วมกับเว็บไซต์ได้ แต่ต้องล็อกอินก่อน ::
  ล็อกอิน

รายการสื่อสารสนเทศ

ลำดับที่ ประเภท เลขเรียก/บาร์โค้ด สถานที่ สถานะ
- ไม่พบข้อมูล -

รายการใกล้เคียง
    ผู้แต่ง [Richard Walker]

    หัวเรื่อง [ความรู้ทั่วไป]
    หัวเรื่อง [ร่างกายมนุษย์]

BibComment


ยังไม่เคยถูกคอมเมนท์

คอมเมนท์ทรัพยากรรายการนี้
  คอมเมนท์: โลกพิศวง ของ ร่า..


 Copyright 2026. Bcnsprnw @Library